000
00249nam a2200109Ia 4500
008
190216s9999||||xx |||||||||||||| ||und||
100
_a
Scott F Gerald
245
4
_a
The Side Of Paradise
260
_b
Penguin Books
650
_a
English
942
_c
BK
999
_c
12691
_d
12691